| 000 | 03914cam a22004097a 4500 | ||
|---|---|---|---|
| 999 |
_c478666 _d478666 |
||
| 001 | 17802138 | ||
| 003 | NUST | ||
| 005 | 20180702103842.0 | ||
| 008 | 130705s2013 enka b 001 0 eng d | ||
| 010 | _a 2012277480 | ||
| 016 | 7 |
_a016171940 _2Uk |
|
| 020 | _a9780230222830 (pbk. : alk. paper) | ||
| 020 | _a023022282X (pbk. : alk. paper) | ||
| 020 | _a9780230222823 (hbk.) | ||
| 020 | _a0230222838 (hbk.) | ||
| 035 | _a(OCoLC)ocn807033081 | ||
| 038 | _aazhar | ||
| 040 |
_aYDXCP _cYDXCP _dBTCTA _dUKMGB _dOCLCQ _dNLE _dOCLCO _dYNK _dUAT _dCDX _dBWX _dGSU _dMUU _dIXA _dIUL _dTXM _dDLC |
||
| 042 | _alccopycat | ||
| 050 | 0 | 0 |
_aT14.5 _b.D54 2013 |
| 082 | 0 | 4 |
_a301 _223 |
| 082 | 0 | 4 |
_a301.0285 _223 |
| 245 | 0 | 0 |
_aDigital sociology : _bcritical perspectives / _cedited by Kate Orton-Johnson and Nick Prior. |
| 260 |
_aHoundmills, Basingstoke, Hampshire : _bPalgrave Macmillan, _c2013. |
||
| 300 |
_axii, 249 p. : _bill. ; _c22 cm. |
||
| 504 | _aIncludes bibliographical references and index. | ||
| 505 | 0 | _aIntroduction / K.Orton-Johnson & N.Prior. -- Part 1: Relationships. Personal Relationships, Intimacy and the Self in a Mediated and Global Digital Age / L.Jamieson ; 'Gendering the Digital': The Impact of Gender and Technology Perspectives on the Sociological Imagination / E.Green & C.Singleton ; Digital Relationships and Feminist Hope / D.Ferreday. -- Part 2: Spaces. Rethinking Space: Urban Informatics and the Sociological Imagination / R.Burrows & D.Beer ; Rethinking Community in the Digital Age? / K.Evans ; Digital Spaces, Sociology and Surveillance / D.Lyon. -- Part 3: Structures. Inequalities in the Network Society / J.Van Dijk ; Trillions Out of Ones and Zeros: The Sociology of Finance Encounters the Digital Age / J.Pardo-Guerra ; Digital Fields, Networks and Capital: Sociology Beyond Structures and Fluids / Mike Savage. -- Part 4: Mediations. War Reporting in a Digital Age / S.Allan & D.Matheson ; Imagining Networks: The Sociology of Connection in the Digital Age / A.Cavanagh ; Mediating the Digital? / N.Prior & K.Orton-Johnson. -- Part 5: Practices. Rethinking Education in the Digital Age / N.Selwyn ; E-Health and Renewed Sociological Approaches to Health and Illness / J.Kivits ; Digital Technology and Sociological Windows / A.Webster. | |
| 520 | _a"New digital technologies have fostered much debate about the nature of social relationships, institutions and structures in a new information age. An amorphous and interdisciplinary field of research has emerged, concerning itself with the complexities and contradictions involved in the fundamental shifts and radical transformations which information and communication technologies (ICTs) are purportedly bringing about across cultural, political and economic practices. From cyberselves to cyber communities, from media wars to the digital divide, sociology confronts a new digital landscape. This text takes stock of how the discipline has addressed the challenge of the digital providing a uniquely sociological framework with which to critically re-evaluate fundamental social concerns: from digital intimacies and online relationships to new forms of mediated inequality and network structures, from digitally mediated media practices to education and health 2.0, this text provides a comprehensive introduction to the transformations wrought by digital technologies to contemporary societies and a critical reflection on how the digital is reconfiguring the tools, concepts and precepts of the discipline."--Publisher's website. | ||
| 650 | 0 |
_aSociology. _9367 |
|
| 650 | 0 |
_aTechnology _xSociological aspects. _911359 |
|
| 650 | 0 |
_aInformation society. _911360 |
|
| 700 | 1 |
_aOrton-Johnson, Kate. _911361 |
|
| 700 | 1 |
_aPrior, Nick. _911362 |
|
| 906 |
_a7 _bcbc _ccopycat _d2 _encip _f20 _gy-gencatlg |
||
| 942 |
_2ddc _cBK |
||